| 000 | 00453nam a2200181Ia 4500 | ||
|---|---|---|---|
| 005 | 20230421113647.0 | ||
| 008 | 230125s9999 xx 000 0 und d | ||
| 041 | _aeng | ||
| 082 |
_a823 _bSHA |
||
| 100 | _aShaw B | ||
| 245 |
_aThe Complete Plays _bVol.I |
||
| 260 |
_bThe Home Library Club _aCeylon |
||
| 300 | _a650 p | ||
| 500 | _aEnglish Literature | ||
| 650 | _aEnglish Literature | ||
| 700 | _aShaw B & Sudhir Tilloo, Donor | ||
| 942 | _cDB | ||
| 999 |
_c94190 _d94190 |
||